Kabale University Library Catalogue

Human resource management : (Record no. 5811)

MARC details
000 -LEADER
fixed length control field 00773cam a22002418i 4500
005 - DATE AND TIME OF LATEST TRANSACTION
control field 20250827163216.0
006 - FIXED-LENGTH DATA ELEMENTS--ADDITIONAL MATERIAL CHARACTERISTICS
fixed length control field m |o d |
007 - PHYSICAL DESCRIPTION FIXED FIELD--GENERAL INFORMATION
fixed length control field cr |||||||||||
008 - FIXED-LENGTH DATA ELEMENTS--GENERAL INFORMATION
fixed length control field 190930s2020 iau o 001 0 eng
020 ## - INTERNATIONAL STANDARD BOOK NUMBER
International Standard Book Number 9781260570748
040 ## - CATALOGING SOURCE
Original cataloging agency KABLIB
Language of cataloging eng
Transcribing agency KABLIB
Description conventions rda
050 00 - LIBRARY OF CONGRESS CALL NUMBER
Classification number HF5549.2.U5
082 00 - DEWEY DECIMAL CLASSIFICATION NUMBER
Classification number 658.3
Edition number 23
Item number HUM
245 10 - TITLE STATEMENT
Title Human resource management :
Remainder of title gaining a competitive advantage /
Statement of responsibility, etc. Raymond A. Noe, . . . [et al.]
250 ## - EDITION STATEMENT
Edition statement 12th ed.
263 ## - PROJECTED PUBLICATION DATE
Projected publication date 2002
264 #1 - PRODUCTION, PUBLICATION, DISTRIBUTION, MANUFACTURE, AND COPYRIGHT NOTICE
Place of production, publication, distribution, manufacture New York :
Name of producer, publisher, distributor, manufacturer McGraw-Hill Education,
Date of production, publication, distribution, manufacture, or copyright notice c2021.
300 ## - PHYSICAL DESCRIPTION
Extent xxxviii, 787 p. :
Other physical details col. ill. ;
Dimensions 25 cm.
500 ## - GENERAL NOTE
General note Includes references, appendix, index.
650 #0 - SUBJECT ADDED ENTRY--TOPICAL TERM
Topical term or geographic name entry element Personnel management
Geographic subdivision United States.
9 (RLIN) 14679
700 1# - ADDED ENTRY--PERSONAL NAME
Personal name Noe, Raymond A.
9 (RLIN) 14680
942 ## - ADDED ENTRY ELEMENTS (KOHA)
Source of classification or shelving scheme Dewey Decimal Classification
Koha item type Book
Holdings
Withdrawn status Lost status Source of classification or shelving scheme Damaged status Not for loan Home library Current library Shelving location Date acquired Source of acquisition Total Checkouts Full call number Barcode Date last seen Price effective from Koha item type
    Dewey Decimal Classification     Mukombe Library Mukombe Library Open Access Section 27.08.2025 Donated   658.3 HUM 14017 27.08.2025 27.08.2025 Book

Kabale University Library | Kabale University P.O Box 317, Kabale, Uganda
Tel : +256754017033, +256774661503 E-mail : library@kab.ac.ug